[Event "19th EUR-ch"]
[Site "Batumi GEO"]
[Date "2018.03.19"]
[Round "3.149"]
[White "Orujov, Farid"]
[Black "Kuchava, Ana"]
[Result "0-1"]
[WhiteElo "1770"]
[BlackElo "2149"]
[EventDate "2018.03.17"]
[PlyCount "90"]

1.d4 d5 2.Nf3 Nf6 3.c4 e6 4.Nc3 Be7 5.Bg5 O-O 6.Rc1 h6 7.Bf4 c6 8.e3 Nbd7 
9.Bd3 dxc4 10.Bxc4 Nb6 11.Bd3 Nbd5 12.Bg3 Qa5 13.Qd2 Nxc3 14.bxc3 Ba3 15.
Rb1 Qd8 16.O-O Be7 17.h3 c5 18.Rfd1 cxd4 19.cxd4 b6 20.Rdc1 Bb7 21.Bc7 Qd5
22.Bc4 Qf5 23.Rb5 Qg6 24.Nh4 Qh7 25.Nf3 Ne4 26.Qd3 Rac8 27.Bf4 Nf6 28.
Qxh7+ Nxh7 29.Nd2 Nf6 30.Re1 Ba6 31.Bd3 Bxb5 32.Bxb5 Rc2 33.Nf3 Rxa2 34.
Bd3 Rc8 35.e4 Bb4 36.Rb1 a5 37.d5 exd5 38.exd5 Nxd5 39.Bg3 Nc3 40.Re1 a4 
41.Kh2 a3 42.Bf5 Ra8 43.Nd4 Rb2 44.Nc6 a2 45.Nb8 Re2 0-1

[Event "19th EUR-ch"]
[Site "Batumi GEO"]
[Date "2018.03.19"]
[Round "3.150"]
[White "Gebigke, Martin"]
[Black "Shamatava, Nikolozi"]
[Result "0-1"]
[WhiteElo "2132"]
[BlackElo "1570"]
[EventDate "2018.03.17"]
[PlyCount "68"]

1.d4 Nf6 2.c4 e6 3.Nc3 Bb4 4.e3 O-O 5.Bd3 c5 6.Nf3 d5 7.O-O dxc4 8.Bxc4 
cxd4 9.exd4 b6 10.Bg5 Bb7 11.Rc1 Be7 12.Qd3 h6 13.Bh4 Nc6 14.a3 a6 15.Rfd1
b5 16.Ba2 b4 17.Na4 bxa3 18.bxa3 Na7 19.Nc5 Bxf3 20.gxf3 g5 21.Nxe6 fxe6 
22.Qg6+ Kh8 23.Bb1 Rf7 24.Qxf7 gxh4 25.Kh1 Qd5 26.Rc3 Rg8 27.Qxe7 Qg5 28.
Qxf6+ Qxf6 29.Be4 Nb5 30.Rc5 Qg7 31.f4 Qg4 32.Re1 Qxf4 33.a4 Nxd4 34.Rc4 
Nf3 0-1

[Event "19th EUR-ch"]
[Site "Batumi GEO"]
[Date "2018.03.19"]
[Round "3.151"]
[White "Tskipurishvili, Daviti"]
[Black "Simonian, Latush"]
[Result "1/2-1/2"]
[WhiteElo "1710"]
[BlackElo "2111"]
[EventDate "2018.03.17"]
[PlyCount "119"]

1.d4 Nf6 2.c4 g6 3.Nc3 Bg7 4.e4 d6 5.Nf3 O-O 6.Be2 e5 7.dxe5 dxe5 8.Qxd8 
Rxd8 9.Bg5 Re8 10.Nd5 Nxd5 11.cxd5 c6 12.Bc4 Nd7 13.dxc6 bxc6 14.Nd2 Nc5 
15.Rc1 Ne6 16.Bxe6 Bxe6 17.b3 Rec8 18.O-O a5 19.Nc4 Rcb8 20.Nb2 Rb4 21.f3 
Rc8 22.Nd3 Rb5 23.Nc5 Re8 24.Rfd1 f6 25.Be3 Bf7 26.Rd6 Rc8 27.Nd7 c5 28.
Rxc5 Rbxc5 29.Bxc5 Bf8 30.Nxf8 Rxc5 31.Nd7 Rc1+ 32.Kf2 Rc2+ 33.Kg3 Rxa2 
34.Nxf6+ Kg7 35.Ng4 Bxb3 36.Rd7+ Kf8 37.Nxe5 Kg8 38.Ng4 h5 39.Nf6+ Kf8 40.
h4 a4 41.Rb7 Bc4 42.Nd7+ Ke8 43.Ne5 Bf1 44.Rb8+ Ke7 45.Nxg6+ Kd6 46.Nf4 a3
47.Rb1 Bc4 48.Rd1+ Kc5 49.e5 Kb4 50.e6 Rc2 51.e7 Bf7 52.Rd8 a2 53.Rb8+ Ka3
54.Ra8+ Kb3 55.Nd3 Rc7 56.Kf4 Rc8 57.Ra5 Bg6 58.Ne5 Be8 59.Nd3 Bg6 60.Ne5 
1/2-1/2

[Event "19th EUR-ch"]
[Site "Batumi GEO"]
[Date "2018.03.20"]
[Round "4.1"]
[White "Bosiocic, Marin"]
[Black "Jones, Gawain"]
[Result "1/2-1/2"]
[WhiteElo "2611"]
[BlackElo "2651"]
[EventDate "2018.03.17"]
[PlyCount "69"]

1.d4 Nf6 2.c4 g6 3.Nc3 Bg7 4.e4 d6 5.h3 O-O 6.Be3 e5 7.d5 Na6 8.Nf3 Nc5 9.
Nd2 a5 10.g4 c6 11.Be2 a4 12.g5 Nfd7 13.h4 Qa5 14.a3 f5 15.f3 cxd5 16.cxd5
b5 17.Bxb5 Ba6 18.Bxa6 Qxa6 19.Qe2 Nd3+ 20.Kf1 Rfc8 21.Rb1 Nxb2 22.Qxa6 
Rxa6 23.Rxb2 Rxc3 24.Ke2 Bf8 25.Rb7 f4 26.Bf2 Nc5 27.Bxc5 dxc5 28.Rhb1 
Re3+ 29.Kd1 Rxa3 30.Rb8 Rc3 31.Rc8 a3 32.Rbb8 a2 33.Rxf8+ Kg7 34.Rg8+ Kf7 
35.Rgf8+ 1/2-1/2

[Event "19th EUR-ch"]
[Site "Batumi GEO"]
[Date "2018.03.20"]
[Round "4.2"]
[White "Hovhannisyan, Robert"]
[Black "Indjic, Aleksandar"]
[Result "1-0"]
[WhiteElo "2601"]
[BlackElo "2623"]
[EventDate "2018.03.17"]
[PlyCount "153"]

1.e4 c5 2.Nf3 d6 3.d4 cxd4 4.Nxd4 Nf6 5.Nc3 a6 6.Be2 e5 7.Nf3 Be7 8.Bg5 
Be6 9.Bxf6 Bxf6 10.Qd2 Be7 11.Nd5 Nd7 12.Nxe7 Qxe7 13.Ng5 Nf6 14.Nxe6 fxe6
15.Bd3 O-O 16.c3 d5 17.exd5 exd5 18.O-O-O b5 19.Kb1 Rab8 20.Rhe1 Kh8 21.f3
Qc7 22.g4 e4 23.fxe4 dxe4 24.Bxe4 Nxg4 25.Bc2 Rbd8 26.Qe2 Rxd1+ 27.Qxd1 
Nf6 28.Qe2 g6 29.Qf2 Kg7 30.a3 a5 31.Qd4 Rd8 32.Qe5 Qxe5 33.Rxe5 Rd5 34.
Rxd5 Nxd5 35.Bd3 Nc7 36.Kc2 Kf6 37.Kb3 Ke5 38.a4 Kd5 39.Bxb5 Kc5 40.Bc4 
Ne8 41.Bd3 Nf6 42.Ka3 g5 43.b4+ Kb6 44.c4 axb4+ 45.Kxb4 h5 46.a5+ Ka7 47.
c5 g4 48.c6 h4 49.Bf1 g3 50.h3 Nd5+ 51.Kc5 Nc7 52.Kd6 Kb8 53.Kd7 Na8 54.
Bg2 Nc7 55.Bh1 Na6 56.Bf3 Nc7 57.Bg2 Na6 58.Bh1 Nc7 59.Ke7 Ka7 60.Kf6 Ka6 
61.Kg5 Kxa5 62.Kxh4 Kb6 63.Kxg3 Kc5 64.Kg4 Kd6 65.Kf5 Ke7 66.h4 Kf7 67.Ke5
Kg6 68.Bf3 Kh6 69.Be2 Ne8 70.Ke6 Nc7+ 71.Kd7 Nd5 72.Bf3 Nb6+ 73.Ke6 Na8 
74.Kd6 Kg6 75.Be2 Nb6 76.Ba6 Kh5 77.c7 1-0

[Event "19th EUR-ch"]
[Site "Batumi GEO"]
[Date "2018.03.20"]
[Round "4.3"]
[White "Vocaturo, Daniele"]
[Black "Skoberne, Jure"]
[Result "1/2-1/2"]
[WhiteElo "2620"]
[BlackElo "2563"]
[EventDate "2018.03.17"]
[PlyCount "37"]

1.e4 e6 2.d4 d5 3.Nd2 c5 4.Ngf3 cxd4 5.Nxd4 Nc6 6.Bb5 Bd7 7.Nxc6 bxc6 8.
Bd3 Qc7 9.Qe2 Ne7 10.O-O Ng6 11.Nf3 Bd6 12.Re1 O-O 13.e5 Be7 14.h4 f5 15.
exf6 gxf6 16.Nd4 Qe5 17.h5 Bd6 18.g3 Qxe2 19.Bxe2 1/2-1/2

[Event "19th EUR-ch"]
[Site "Batumi GEO"]
[Date "2018.03.20"]
[Round "4.4"]
[White "Bartel, Mateusz"]
[Black "Navara, David"]
[Result "1/2-1/2"]
[WhiteElo "2609"]
[BlackElo "2737"]
[EventDate "2018.03.17"]
[PlyCount "64"]

1.e4 c5 2.Nf3 d6 3.d4 cxd4 4.Nxd4 Nf6 5.Nc3 a6 6.g3 e5 7.Nde2 Be7 8.Bg2 
O-O 9.O-O Nbd7 10.a4 b6 11.Nd5 Nxd5 12.Qxd5 Qc7 13.Nc3 Bb7 14.Qd3 Nf6 15.
Bg5 Ng4 16.Bd2 Nf6 17.Bg5 Ng4 18.Bd2 h6 19.Qe2 Nf6 20.Rfd1 Bc6 21.Be1 b5 
22.axb5 axb5 23.Nxb5 Bxb5 24.Qxb5 Rab8 25.Qa5 Qxa5 26.Rxa5 Rxb2 27.Ra7 Re8
28.Rc7 Bf8 29.f3 Re7 30.Rc8 Re8 31.Rc7 Re7 32.Rc8 Re8 1/2-1/2

[Event "19th EUR-ch"]
[Site "Batumi GEO"]
[Date "2018.03.20"]
[Round "4.7"]
[White "Nabaty, Tamir"]
[Black "Abasov, Nijat"]
[Result "1-0"]
[WhiteElo "2690"]
[BlackElo "2608"]
[EventDate "2018.03.17"]
[PlyCount "57"]

1.d4 Nf6 2.Bf4 e6 3.e3 d5 4.Nf3 c5 5.Nbd2 Nc6 6.c3 Bd6 7.Bg3 O-O 8.Bb5 Ne7
9.Bd3 c4 10.Bc2 b5 11.e4 dxe4 12.Nxe4 Nxe4 13.Bxe4 Rb8 14.Qe2 Nf5 15.a4 b4
16.Ne5 bxc3 17.Nc6 cxb2 18.Rb1 Qb6 19.Bxd6 Nxd6 20.Bxh7+ Kh8 21.Qh5 g6 22.
Bxg6+ Kg7 23.Qh7+ Kf6 24.Be4 Nf5 25.g4 Bb7 26.g5+ Kxg5 27.Rg1+ Kf6 28.Bxf5
Bxc6 29.Qh4+ 1-0

[Event "19th EUR-ch"]
[Site "Batumi GEO"]
[Date "2018.03.20"]
[Round "4.8"]
[White "Inarkiev, Ernesto"]
[Black "Jojua, Davit"]
[Result "1-0"]
[WhiteElo "2684"]
[BlackElo "2601"]
[EventDate "2018.03.17"]
[PlyCount "133"]

1.e4 c6 2.d4 d5 3.e5 Bf5 4.Nd2 e6 5.Nb3 Nd7 6.Be3 Bg6 7.f4 Nh6 8.Nf3 Be7 
9.Qd2 Rc8 10.Bd3 Bxd3 11.cxd3 Qb6 12.O-O Nf5 13.Bf2 h5 14.Rfc1 g6 15.g3 
Qd8 16.Na5 Rc7 17.b4 Qc8 18.h3 Kf8 19.Kg2 Kg7 20.Qc3 Qa8 21.Rc2 Nh6 22.b5 
Rhc8 23.Rac1 a6 24.bxc6 bxc6 25.Nb3 Rb7 26.Qe1 Rb5 27.Nc5 Qa7 28.Qd2 a5 
29.Rc3 a4 30.Ra3 Nb6 31.Qc2 Qb8 32.Ng5 Nf5 33.g4 hxg4 34.hxg4 Nh6 35.Kf3 
Bxc5 36.dxc5 Nd7 37.Bd4 Rh8 38.Rxa4 Ng8 39.Ra3 Ne7 40.Kg3 Qb7 41.Ra1 Nf8 
42.Rb3 Nh7 43.Nf3 g5 44.fxg5 Ng6 45.Rxb5 Qxb5 46.Rb1 Qa5 47.Rb6 Qa8 48.Rb4
Qg8 49.Qb1 Qd8 50.Be3 Nhf8 51.a4 Nd7 52.d4 Rh7 53.Rb2 Qa5 54.Ra2 Rh8 55.
Qd3 Nb8 56.Bd2 Qa8 57.a5 Na6 58.Qb1 Nc7 59.a6 Nb5 60.Qa1 Qa7 61.Ba5 Ra8 
62.Bb6 Qd7 63.a7 Ne7 64.Qh1 Nxa7 65.Qh6+ Kg8 66.Rh2 Ng6 67.Nh4 1-0

[Event "19th EUR-ch"]
[Site "Batumi GEO"]
[Date "2018.03.20"]
[Round "4.9"]
[White "Kobalia, Mikhail"]
[Black "Naer, Evgeny"]
[Result "1/2-1/2"]
[WhiteElo "2599"]
[BlackElo "2683"]
[EventDate "2018.03.17"]
[PlyCount "46"]

1.e4 c5 2.Nf3 Nc6 3.d4 cxd4 4.Nxd4 e6 5.Nc3 Qc7 6.Be3 a6 7.Be2 b5 8.Nxc6 
Qxc6 9.a3 Bb7 10.O-O Rc8 11.Bd4 Qc7 12.Qd3 Nf6 13.f4 Be7 14.Bf3 O-O 15.e5 
Ne8 16.f5 Bxf3 17.Rxf3 Qc4 18.Qd2 f6 19.exf6 Nxf6 20.Kh1 a5 21.Bxf6 Bxf6 
22.Qxd7 exf5 23.Rxf5 Bxc3 1/2-1/2

[Event "19th EUR-ch"]
[Site "Batumi GEO"]
[Date "2018.03.20"]
[Round "4.10"]
[White "Sargissian, Gabriel"]
[Black "Mchedlishvili, Mikheil"]
[Result "1/2-1/2"]
[WhiteElo "2677"]
[BlackElo "2600"]
[EventDate "2018.03.17"]
[PlyCount "50"]

1.Nf3 Nf6 2.c4 g6 3.Nc3 d5 4.cxd5 Nxd5 5.h4 Nc6 6.h5 Bg7 7.h6 Bf6 8.Ne4 
O-O 9.Nxf6+ exf6 10.d3 Bg4 11.e3 Qd7 12.Be2 Rfe8 13.Bd2 Rad8 14.O-O Qc8 
15.Rc1 Rd6 16.a3 Qd8 17.Re1 Nb6 18.Qc2 Bxf3 19.gxf3 Qd7 20.d4 Qh3 21.Bf1 
Qxh6 22.Bg2 Qh4 23.f4 f5 24.Qb3 Qd8 25.a4 Qd7 1/2-1/2

[Event "19th EUR-ch"]
[Site "Batumi GEO"]
[Date "2018.03.20"]
[Round "4.11"]
[White "Predke, Alexander"]
[Black "Demchenko, Anton"]
[Result "1/2-1/2"]
[WhiteElo "2595"]
[BlackElo "2672"]
[EventDate "2018.03.17"]
[PlyCount "67"]

1.e4 c5 2.Nc3 d6 3.f4 Nc6 4.Bb5 Bd7 5.Nf3 e6 6.O-O Be7 7.d4 cxd4 8.Nxd4 
Nf6 9.Bxc6 Bxc6 10.Qd3 O-O 11.Kh1 Rc8 12.Bd2 Qb6 13.a4 Rfd8 14.Be3 Qa5 15.
Ndb5 b6 16.Bd2 Qa6 17.Nd4 Qxd3 18.cxd3 Bb7 19.Ncb5 a6 20.Na7 Rc7 21.Rfc1 
Rxc1+ 22.Rxc1 Bf8 23.Ndc6 Ra8 24.Be3 Nd7 25.b4 f5 26.Nd4 Rxa7 27.Rc7 Nf6 
28.Nxe6 Ne8 29.Rd7 Nf6 30.Rc7 Ne8 31.Rd7 Nf6 32.Rc7 Ne8 33.Rd7 Nf6 34.Rc7 
1/2-1/2

[Event "19th EUR-ch"]
[Site "Batumi GEO"]
[Date "2018.03.20"]
[Round "4.12"]
[White "Berkes, Ferenc"]
[Black "Kovchan, Alexander"]
[Result "1/2-1/2"]
[WhiteElo "2671"]
[BlackElo "2596"]
[EventDate "2018.03.17"]
[PlyCount "37"]

1.d4 Nf6 2.c4 e6 3.Nc3 Bb4 4.f3 c5 5.d5 b5 6.e4 O-O 7.Bg5 h6 8.Bh4 d6 9.
dxe6 Bxe6 10.cxb5 a6 11.Nh3 Bxh3 12.gxh3 Nbd7 13.bxa6 d5 14.Be2 d4 15.a3 
Ba5 16.b4 cxb4 17.Nd5 b3+ 18.Nb4 Nc5 19.O-O 1/2-1/2

[Event "19th EUR-ch"]
[Site "Batumi GEO"]
[Date "2018.03.20"]
[Round "4.13"]
[White "Martirosian, Haik"]
[Black "Melkumian, Hrant"]
[Result "1-0"]
[WhiteElo "2586"]
[BlackElo "2664"]
[EventDate "2018.03.17"]
[PlyCount "63"]

1.e4 c6 2.Nc3 d5 3.Nf3 dxe4 4.Nxe4 Nf6 5.Qe2 Nxe4 6.Qxe4 Qd5 7.Qh4 Qe6+ 8.
Be2 Qg4 9.Qg3 g6 10.Ng5 Qxg3 11.hxg3 f6 12.Ne4 Bf5 13.d3 Nd7 14.Be3 e5 15.
O-O-O O-O-O 16.Kb1 Be7 17.g4 Be6 18.Rh6 Bd5 19.Rdh1 Bxe4 20.dxe4 Bc5 21.
Bc1 Bxf2 22.g5 Bg3 23.Bg4 Bf4 24.Bxf4 exf4 25.gxf6 Kb8 26.Bxd7 Rxd7 27.e5 
Kc7 28.e6 Rd6 29.Re1 Re8 30.Rxh7+ Kb6 31.Re7 Red8 32.b3 1-0

[Event "19th EUR-ch"]
[Site "Batumi GEO"]
[Date "2018.03.20"]
[Round "4.14"]
[White "Pantsulaia, Levan"]
[Black "Moiseenko, Olexandr"]
[Result "1/2-1/2"]
[WhiteElo "2593"]
[BlackElo "2659"]
[EventDate "2018.03.17"]
[PlyCount "44"]

1.Nf3 c5 2.c4 Nc6 3.Nc3 e5 4.d3 g6 5.a3 a5 6.g3 Bg7 7.Bg2 d6 8.O-O Nge7 9.
Rb1 O-O 10.Bd2 Be6 11.Na4 h6 12.Ne1 Rb8 13.b4 axb4 14.axb4 cxb4 15.Nc2 b5 
16.cxb5 Rxb5 17.Nxb4 Nxb4 18.Bxb4 Qd7 19.Nc3 Rb6 20.Qa4 Qxa4 21.Nxa4 Ra6 
22.Nc3 Rb8 1/2-1/2

[Event "19th EUR-ch"]
[Site "Batumi GEO"]
[Date "2018.03.20"]
[Round "4.15"]
[White "Lopez Martinez, Josep Manuel"]
[Black "Saric, Ivan"]
[Result "0-1"]
[WhiteElo "2584"]
[BlackElo "2657"]
[EventDate "2018.03.17"]
[PlyCount "100"]

1.e4 c5 2.Nf3 d6 3.Bb5+ Nd7 4.a4 Nf6 5.Nc3 a6 6.Bc4 e6 7.O-O Be7 8.a5 O-O 
9.Re1 b5 10.axb6 Nxb6 11.Bf1 Bb7 12.d3 a5 13.h3 a4 14.e5 dxe5 15.Nxe5 Nfd7
16.Nf3 Qc7 17.Nb5 Qb8 18.c4 Bc6 19.Nc3 Qb7 20.Nd2 e5 21.Nde4 f5 22.Bg5 
Bxg5 23.Nxg5 h6 24.Nf3 Rae8 25.Nh4 Re6 26.Qh5 g5 27.Nf3 Kg7 28.Nd2 Rg6 29.
Nb5 Qb8 30.Qd1 g4 31.hxg4 Rxg4 32.Ne4 Kh7 33.Ng3 Rfg8 34.Nxf5 Bxg2 35.Ng3 
Ba8 36.Bg2 Bxg2 37.Kxg2 Nf6 38.Re3 Rf4 39.Qe2 Qa8+ 40.Kg1 Ng4 41.Re4 Nxf2 
42.Qxf2 Rxf2 43.Kxf2 Nxc4 44.dxc4 Rxg3 45.Kxg3 Qxe4 46.Rxa4 Qf4+ 47.Kg2 e4
48.Ra7+ Kg6 49.Ra6+ Kh5 50.Nc3 e3 0-1

[Event "19th EUR-ch"]
[Site "Batumi GEO"]
[Date "2018.03.20"]
[Round "4.17"]
[White "Siugirov, Sanan"]
[Black "Smirin, Ilia"]
[Result "1/2-1/2"]
[WhiteElo "2652"]
[BlackElo "2594"]
[EventDate "2018.03.17"]
[PlyCount "130"]

1.e4 c5 2.Nf3 e6 3.d4 cxd4 4.Nxd4 a6 5.Bd3 Bc5 6.Nb3 Be7 7.Qg4 g6 8.Qe2 
Nc6 9.O-O d6 10.Nc3 b5 11.Bd2 Nf6 12.Bh6 Bf8 13.Qd2 Bxh6 14.Qxh6 Ng4 15.
Qd2 b4 16.Na4 O-O 17.Rfd1 Nf6 18.Qe3 Rb8 19.Be2 Qe7 20.Rd2 Bb7 21.Rad1 
Rfd8 22.f3 Kg7 23.c3 a5 24.Nb6 bxc3 25.Qxc3 Ba6 26.Qxc6 Bxe2 27.Rxe2 Qa7 
28.Kh1 Rxb6 29.Qc3 a4 30.Nd4 Qa6 31.Red2 e5 32.Nc2 Rc8 33.Qa3 Qb5 34.Ne3 
h5 35.h4 Rcc6 36.Kh2 Rb7 37.Rb1 Rbb6 38.b4 axb3 39.Rxb3 Ra6 40.Qb2 Qa5 41.
Rb4 Qc5 42.Qb3 Rcb6 43.Rxb6 Rxb6 44.Qd3 Qc1 45.Rd1 Qc5 46.Qd2 Kh7 47.Qc1 
Qxc1 48.Rxc1 Ra6 49.Rc7 Kg8 50.Nc4 d5 51.Nxe5 dxe4 52.Rc6 Ra5 53.Nc4 Ra4 
54.Nb6 Rb4 55.Rxf6 e3 56.Rc6 e2 57.Rc8+ Kg7 58.Re8 Rxb6 59.Rxe2 Ra6 60.g4 
hxg4 61.fxg4 Ra3 62.Kg2 Kh6 63.Rf2 f5 64.gxf5 gxf5 65.Rxf5 Rxa2+ 1/2-1/2

[Event "19th EUR-ch"]
[Site "Batumi GEO"]
[Date "2018.03.20"]
[Round "4.18"]
[White "Grandelius, Nils"]
[Black "Gajewski, Grzegorz"]
[Result "1/2-1/2"]
[WhiteElo "2646"]
[BlackElo "2588"]
[EventDate "2018.03.17"]
[PlyCount "92"]

1.e4 e5 2.Nf3 Nc6 3.Bb5 a6 4.Ba4 Nf6 5.O-O Bc5 6.c3 O-O 7.d4 Ba7 8.dxe5 
Nxe4 9.Qd5 Nc5 10.Bc2 Ne7 11.Qd1 d5 12.exd6 Qxd6 13.Qxd6 cxd6 14.Bf4 Bf5 
15.Na3 Bxc2 16.Nxc2 Nf5 17.Rad1 Na4 18.g4 Nh6 19.Bxh6 gxh6 20.Rxd6 Nxb2 
21.Rb1 Nc4 22.Rxh6 b5 23.Re1 Bb6 24.Nb4 Rfd8 25.Nc6 Rd3 26.Ne7+ Kf8 27.Ng5
Be3 28.Rxh7 Kxe7 29.Rxf7+ Kd6 30.fxe3 Ne5 31.Rf6+ Kd7 32.h3 Rxc3 33.Rf5 
Nc4 34.Rd1+ Kc7 35.Rf6 Rxe3 36.a4 Rae8 37.Rxa6 b4 38.Ra7+ Kb6 39.Rdd7 Na5 
40.Rd5 Kxa7 41.Rxa5+ Kb6 42.Rb5+ Kc6 43.Rxb4 Ra3 44.Rf4 Re2 45.Rf2 Rxf2 
46.Kxf2 Kd5 1/2-1/2

[Event "19th EUR-ch"]
[Site "Batumi GEO"]
[Date "2018.03.20"]
[Round "4.19"]
[White "Volokytin, Andriy"]
[Black "Sarana, Alexey"]
[Result "1/2-1/2"]
[WhiteElo "2639"]
[BlackElo "2577"]
[EventDate "2018.03.17"]
[PlyCount "31"]

1.e4 c5 2.Nf3 d6 3.d4 cxd4 4.Nxd4 Nf6 5.Nc3 a6 6.h3 b5 7.a4 b4 8.Nd5 e6 9.
Nxf6+ Qxf6 10.g3 e5 11.Nf5 Bb7 12.Bg2 d5 13.Ne3 d4 14.Nd5 Bxd5 15.exd5 Bc5
16.O-O 1/2-1/2

[Event "19th EUR-ch"]
[Site "Batumi GEO"]
[Date "2018.03.20"]
[Round "4.20"]
[White "Erdos, Viktor"]
[Black "Arutinian, David"]
[Result "1/2-1/2"]
[WhiteElo "2627"]
[BlackElo "2536"]
[EventDate "2018.03.17"]
[PlyCount "39"]

1.Nf3 Nf6 2.c4 e6 3.g3 d5 4.Bg2 d4 5.O-O c5 6.e3 Nc6 7.exd4 cxd4 8.d3 h6 
9.Bf4 Bd6 10.Bxd6 Qxd6 11.Nbd2 O-O 12.Re1 Rb8 13.Rc1 b6 14.a3 a5 15.Nb3 
Bb7 16.c5 bxc5 17.Nxc5 Ba8 18.Re2 Rb5 19.Rec2 Ne7 20.Qe2 1/2-1/2

[Event "19th EUR-ch"]
[Site "Batumi GEO"]
[Date "2018.03.20"]
[Round "4.21"]
[White "Djukic, Nikola"]
[Black "Lupulescu, Constantin"]
[Result "1-0"]
[WhiteElo "2523"]
[BlackElo "2627"]
[EventDate "2018.03.17"]
[PlyCount "81"]

1.e4 c6 2.d4 d5 3.e5 Bf5 4.h4 h5 5.c4 e6 6.Nc3 Ne7 7.Nge2 Nd7 8.Ng3 Bg6 9.
cxd5 cxd5 10.Bg5 Qb6 11.Bb5 a6 12.Bxd7+ Kxd7 13.Na4 Qb5 14.Ne2 Nc6 15.O-O 
Ke8 16.Nf4 Bf5 17.Rc1 Qb4 18.Ne2 Qb5 19.Nec3 Qb4 20.Ne2 Qb5 21.a3 Qd3 22.
Nb6 Qxd1 23.Rfxd1 Rb8 24.Nc3 Be7 25.Nca4 Bd8 26.Bxd8 Kxd8 27.Nc5 Kc7 28.
Nba4 f6 29.Rc3 fxe5 30.dxe5 d4 31.Rxd4 Nxd4 32.Nxe6+ Kd7 33.Nxd4 g6 34.
Nb6+ Kd8 35.e6 Ke7 36.Rc7+ Kd6 37.Rd7+ Ke5 38.Nc4+ Ke4 39.Nd2+ Ke5 40.
N2f3+ Ke4 41.Ng5+ 1-0

[Event "19th EUR-ch"]
[Site "Batumi GEO"]
[Date "2018.03.20"]
[Round "4.22"]
[White "Bok, Benjamin"]
[Black "Repka, Christopher"]
[Result "1-0"]
[WhiteElo "2622"]
[BlackElo "2524"]
[EventDate "2018.03.17"]
[PlyCount "82"]

1.c4 e6 2.g3 Nf6 3.Bg2 d5 4.Nf3 Be7 5.O-O O-O 6.b3 c5 7.cxd5 Nxd5 8.Bb2 
Nc6 9.Nc3 Bf6 10.Qc2 Nxc3 11.Bxc3 Nd4 12.Nxd4 cxd4 13.Bb4 Re8 14.Rac1 Bd7 
15.Bd6 Bb5 16.Bc7 Qc8 17.Qe4 Ba6 18.Be5 Qd8 19.d3 Bxe5 20.Qxe5 f6 21.Qc5 
e5 22.b4 Qd7 23.Qd5+ Qxd5 24.Bxd5+ Kf8 25.a4 Rad8 26.Be4 b6 27.Rc7 Re7 28.
Rfc1 Rdd7 29.Rxd7 Rxd7 30.Bxh7 Bb7 31.Bf5 Re7 32.Be4 Bxe4 33.dxe4 Rd7 34.
b5 Kf7 35.f3 g6 36.Kf2 f5 37.h4 Kg7 38.Rc6 fxe4 39.fxe4 Kh6 40.Re6 d3 41.
exd3 Rxd3 1-0

[Event "19th EUR-ch"]
[Site "Batumi GEO"]
[Date "2018.03.20"]
[Round "4.23"]
[White "Kantans, Toms"]
[Black "Romanov, Evgeny"]
[Result "0-1"]
[WhiteElo "2508"]
[BlackElo "2619"]
[EventDate "2018.03.17"]
[PlyCount "66"]

1.e4 c5 2.Nf3 e6 3.d4 cxd4 4.Nxd4 a6 5.c4 Nf6 6.Nc3 Bb4 7.Qd3 Qc7 8.a3 
Bxc3+ 9.Qxc3 d6 10.Bd3 e5 11.Ne2 Be6 12.Be3 Nbd7 13.f3 Rc8 14.Rc1 Qb8 15.
O-O b5 16.b3 O-O 17.Qa5 bxc4 18.Bxc4 Bxc4 19.bxc4 Rc6 20.Rb1 Qd8 21.Qxd8 
Rxd8 22.Rfd1 Rdc8 23.Rb7 Nf8 24.Ra7 Ne6 25.Bd2 Ne8 26.Bb4 N6c7 27.Rc1 g6 
28.Kf2 Kg7 29.Ke3 Nf6 30.Kd3 Nd7 31.Kd2 Nb6 32.Kd3 Nxc4 33.Rc3 Nb5 0-1

[Event "19th EUR-ch"]
[Site "Batumi GEO"]
[Date "2018.03.20"]
[Round "4.24"]
[White "Santos Ruiz, Miguel"]
[Black "Alekseev, Evgeny"]
[Result "1/2-1/2"]
[WhiteElo "2488"]
[BlackElo "2617"]
[EventDate "2018.03.17"]
[PlyCount "21"]

1.d4 d5 2.c4 c6 3.Nf3 Nf6 4.e3 Bf5 5.Nc3 e6 6.Nh4 Bg6 7.Be2 Nbd7 8.g3 Be7 
9.O-O O-O 10.Nxg6 hxg6 11.b3 1/2-1/2

[Event "19th EUR-ch"]
[Site "Batumi GEO"]
[Date "2018.03.20"]
[Round "4.25"]
[White "Paravian, David"]
[Black "Yuffa, Daniil"]
[Result "1-0"]
[WhiteElo "2613"]
[BlackElo "2521"]
[EventDate "2018.03.17"]
[PlyCount "135"]

1.c4 Nf6 2.Nc3 c6 3.d4 d5 4.Nf3 a6 5.Bd2 dxc4 6.e4 b5 7.e5 Nd5 8.b3 cxb3 
9.axb3 Bf5 10.Nh4 Nxc3 11.Bxc3 Be6 12.Be2 Bd5 13.Nf5 Nd7 14.Ba5 Qb8 15.Ne3
e6 16.O-O Be7 17.f4 g6 18.Rc1 O-O 19.Qd2 Nb6 20.Ng4 Nd7 21.b4 Bd8 22.Rc3 
f5 23.Bxd8 Rxd8 24.Ne3 Nb6 25.Nxd5 cxd5 26.Rc6 Kf7 27.Qe1 Qb7 28.Rc5 Qe7 
29.h3 Na4 30.Rc6 Qb7 31.Rc2 Rdc8 32.Qh4 Kg8 33.Rfc1 Rxc2 34.Rxc2 Rc8 35.
Bd3 Qd7 36.Rxc8+ Qxc8 37.Qe7 Nb6 38.g4 Qd7 39.Qg5 Qc7 40.Kf2 fxg4 41.hxg4 
Nc4 42.f5 exf5 43.gxf5 Nxe5 44.dxe5 Qxe5 45.Kf3 Kg7 46.Qe3 Kf6 47.Qb6+ Kg5
48.fxg6 Qf4+ 49.Ke2 hxg6 50.Qxg6+ Kh4 51.Qh7+ Kg5 52.Qg7+ Kh4 53.Qe7+ Kg4 
54.Qe6+ Kh4 55.Qe7+ Kg4 56.Kd1 Qd4 57.Kc2 a5 58.Qd7+ Kh5 59.Qh3+ Kg5 60.
Qg3+ Kh5 61.Be2+ Kh6 62.Qd6+ Kg5 63.Qd8+ Kf4 64.Qh4+ Ke3 65.Qxd4+ Kxd4 66.
bxa5 Kc5 67.a6 Kb6 68.Bxb5 1-0

[Event "19th EUR-ch"]
[Site "Batumi GEO"]
[Date "2018.03.20"]
[Round "4.26"]
[White "Yakovenko, Dmitry"]
[Black "Wagner, Dennis"]
[Result "1-0"]
[WhiteElo "2746"]
[BlackElo "2566"]
[EventDate "2018.03.17"]
[PlyCount "135"]

1.e4 e5 2.Nf3 Nc6 3.Bb5 a6 4.Ba4 Nf6 5.O-O Be7 6.Re1 b5 7.Bb3 O-O 8.a4 b4 
9.d3 d6 10.a5 Be6 11.Nbd2 Rb8 12.h3 Qc8 13.Ba4 Nxa5 14.d4 exd4 15.Nxd4 c5 
16.Nxe6 Qxe6 17.Qe2 c4 18.Nf3 Bd8 19.Bf4 Bb6 20.Rad1 Rfd8 21.Nd4 Bxd4 22.
Rxd4 Rbc8 23.Qd2 c3 24.bxc3 bxc3 25.Qd1 Rc4 26.e5 Rxd4 27.Qxd4 Nd5 28.Rd1 
Nxf4 29.Qxf4 Nb7 30.exd6 Nxd6 31.Bb3 Qe7 32.Rd3 g5 33.Qg4 h6 34.Re3 Qf6 
35.Rf3 Qe5 36.Qh5 Qe1+ 37.Kh2 Qe5+ 38.g3 Qg7 39.Qg4 a5 40.Qa4 Qe5 41.Qc6 
Kg7 42.Qc7 Rc8 43.Qd7 Qc5 44.Kg2 Qc7 45.Qg4 Qc5 46.Rd3 Qc6+ 47.Kg1 Re8 48.
Qd4+ Kg8 49.Bd5 Qc8 50.Kg2 Qf5 51.Bc6 Rd8 52.Qxc3 a4 53.Qa3 Qf6 54.Qxa4 
Nf5 55.Rxd8+ Qxd8 56.Qe4 Qf6 57.c4 h5 58.Bd7 Nd6 59.Qa8+ Kg7 60.c5 Nc4 61.
Qd5 Ne5 62.c6 h4 63.gxh4 gxh4 64.c7 Ng6 65.Qf5 Nf4+ 66.Kf3 Qc3+ 67.Kxf4 
Qxc7+ 68.Qe5+ 1-0

[Event "19th EUR-ch"]
[Site "Batumi GEO"]
[Date "2018.03.20"]
[Round "4.27"]
[White "Moroni, Luca jr"]
[Black "Wojtaszek, Radoslaw"]
[Result "0-1"]
[WhiteElo "2559"]
[BlackElo "2738"]
[EventDate "2018.03.17"]
[PlyCount "118"]

1.d4 d5 2.c4 e6 3.Nf3 Nf6 4.g3 Bb4+ 5.Bd2 Bd6 6.Bg2 c6 7.Qc2 Nbd7 8.O-O 
O-O 9.Bg5 h6 10.Bxf6 Nxf6 11.Nbd2 b6 12.e4 Be7 13.Rfd1 Bb7 14.Rac1 Rc8 15.
Ne5 dxc4 16.Ndxc4 b5 17.Qb3 a6 18.Ne3 Nd7 19.N3g4 Nxe5 20.Nxe5 Qd6 21.Nd3 
Qxd4 22.Nc5 Bxc5 23.Rxd4 Bxd4 24.e5 Bxe5 25.Qe3 Bxb2 26.Rc2 Bf6 27.Qb6 Ba8
28.Rd2 Bc3 29.Rd3 b4 30.Rd7 e5 31.Qxa6 c5 32.Qc4 Bd4 33.g4 e4 34.h4 Rce8 
35.g5 hxg5 36.hxg5 e3 37.g6 e2 38.gxf7+ Kh8 39.fxe8=Q Rxe8 40.Qxe2 Rxe2 
41.Bxa8 Rxa2 42.Be4 g5 43.Rh7+ Kg8 44.Bd5+ Kxh7 45.Bxa2 Kg6 46.Kf1 g4 47.
Be6 Kg5 48.Ke2 Kf4 49.Bd5 Ke5 50.Bf7 Kf4 51.Bd5 Bf6 52.Bb3 Bg5 53.Be6 Ke4 
54.Bxg4 c4 55.Be6 Kd4 56.Kd1 b3 57.f3 Bf4 58.Bf7 Kc5 59.Be6 Kb4 0-1

[Event "19th EUR-ch"]
[Site "Batumi GEO"]
[Date "2018.03.20"]
[Round "4.28"]
[White "Moiseenko, Vadim"]
[Black "Vallejo Pons, Francisco"]
[Result "1/2-1/2"]
[WhiteElo "2552"]
[BlackElo "2716"]
[EventDate "2018.03.17"]
[PlyCount "146"]

1.e4 c5 2.Nf3 e6 3.d4 cxd4 4.Nxd4 Nc6 5.Nc3 Qc7 6.Ndb5 Qb8 7.Be3 a6 8.Nd4 
Nf6 9.a3 b5 10.Bd3 Bd6 11.g3 Bb7 12.Nb3 Be5 13.f4 Bxc3+ 14.bxc3 Ne7 15.Nc5
Bc6 16.Bd4 d6 17.Bxf6 gxf6 18.Nb3 Qb6 19.Qe2 Rc8 20.O-O-O Bd7 21.Qd2 Qc7 
22.Kb2 e5 23.Rhf1 h5 24.Be2 Be6 25.Rf3 Rd8 26.fxe5 fxe5 27.Qg5 h4 28.gxh4 
Ng6 29.h5 Qe7 30.Qe3 Nf4 31.Rxf4 exf4 32.Qxf4 Bxb3 33.cxb3 Rg8 34.Qf2 Rc8 
35.Rd3 Kf8 36.Re3 Rc5 37.h3 Re5 38.Bf3 d5 39.Bg4 dxe4 40.Re2 e3 41.Qf4 Qg5
42.Qd4 Kg7 43.h4 Qf6 44.Rxe3 Qf2+ 45.Re2 Qxd4 46.cxd4 Rxe2+ 47.Bxe2 Re8 
48.Bd3 Re3 49.Kc3 Rh3 50.a4 bxa4 51.bxa4 a5 52.Kc4 Rxh4 53.Be2 f5 54.Kb5 
Re4 55.Bf3 Re3 56.Bd1 f4 57.Kxa5 f3 58.h6+ Kxh6 59.Bxf3 Rxf3 60.Kb4 Rf1 
61.a5 Kg6 62.a6 Kf6 63.Kc5 Ke7 64.a7 Ra1 65.Kb6 Kd7 66.d5 Kc8 67.d6 Ra2 
68.d7+ Kxd7 69.Kb7 Rb2+ 70.Ka8 Rc2 71.Kb7 Rb2+ 72.Ka8 Ra2 73.Kb7 Rb2+ 
1/2-1/2

[Event "19th EUR-ch"]
[Site "Batumi GEO"]
[Date "2018.03.20"]
[Round "4.29"]
[White "Savchenko, Boris"]
[Black "Cheparinov, Ivan"]
[Result "0-1"]
[WhiteElo "2550"]
[BlackElo "2693"]
[EventDate "2018.03.17"]
[PlyCount "56"]

1.e4 c5 2.Nf3 d6 3.d4 cxd4 4.Nxd4 Nf6 5.Nc3 a6 6.Bg5 Nbd7 7.Qd2 e6 8.f3 h6
9.Be3 h5 10.a4 Qc7 11.a5 Be7 12.Qf2 O-O 13.Nb3 Rb8 14.Ba7 Ra8 15.O-O-O Qc6
16.Nd4 Qc7 17.Nb3 Qc6 18.Bd4 Nc5 19.Nxc5 dxc5 20.Be5 Nd7 21.Bf4 b5 22.axb6
Nxb6 23.g4 Na4 24.gxh5 Nxc3 25.bxc3 Qa4 26.Qg3 Qa3+ 27.Kb1 Bf6 28.Be5 Rb8+
0-1